Normal view
MARC view
Entry Personal Name
001 - CONTROL NUMBER
- control field: 67105
003 - CONTROL NUMBER IDENTIFIER
- control field: dpl
005 - DATE AND TIME OF LATEST TRANSACTION
- control field: 20240530113823.0
008 - FIXED-LENGTH DATA ELEMENTS
- fixed length control field: 240530|| aca||aabn | a|a d
040 ## - CATALOGING SOURCE
- Original cataloging agency: dpl
- Transcribing agency: dpl
100 ## - HEADING--PERSONAL NAME
- Personal name: Khatri, Vikas S
670 ## - SOURCE DATA FOUND
- Source citation: Work cat.: (dpl)203397: Khatri, Vikas S, The Two Friends and Other Stories/, 2008
